| 000 | 00952nam1a22002531 4500 | ||
|---|---|---|---|
| 001 | rc\3788141 | ||
| 005 | 20120311163425.8 | ||
| 035 | _a(NLR Aleph) 007239330 | ||
| 090 |
_a7751797 _c7751797 |
||
| 100 | _a20120311d1975 |||y0rusy50 ca | ||
| 101 | 0 | _arus | |
| 102 | _aRU | ||
| 105 | _ay z ||||| | ||
| 200 | 1 |
_aСобрание действующего законодательства Таджикской ССР _f[Гл. ред.: Раджабов С.Р. (гл. ред.)] [и др.] _gМ-во юст. ТаджССР |
|
| 210 |
_aДушанбе _cБ. и. _d1975 |
||
| 215 | _d22 | ||
| 333 | _aДСП | ||
| 532 | 1 | 2 | _aСобрание действующего законодательства Таджикской Советской Социалистической Республики |
| 702 | 1 |
_aРаджабов _bС. Р. _4340 |
|
| 801 | 0 |
_aRU _bNLR _gpsbo |
|
| 801 | 1 |
_aRU _bELAR _2rusmarc |
|
| 852 |
_aNLR _j75-50К/3690 |
||
| 942 | _cBOOK | ||
| 980 | _aNB | ||